Historia de la educación en Chile. (1810-2010).
Salvato in:
| Autore principale: | |
|---|---|
| Altri autori: | , , , , , , , , , , , , , |
| Natura: | Libro |
| Lingua: | inglese |
| Pubblicazione: |
Santiago, Chile:
Taurus,
2013.
|
| Edizione: | Tercera edición. |
| Soggetti: | |
| Tags: |
Aggiungi Tag
Nessun Tag, puoi essere il primo ad aggiungerne!!
|
MARC
| LEADER | 00000nam a22000007a 4500 | ||
|---|---|---|---|
| 003 | CL-VaPUC | ||
| 005 | 20220914121116.0 | ||
| 008 | 220221t2013 ||||| |||| 00| 0 eng d | ||
| 999 | |c 434458 |d 434456 | ||
| 020 | |a 978-956-347-370-4 (Obra completa) | ||
| 020 | |a 978-956-347-477-3 (t.II) | ||
| 040 | |c Pontificia Universidad Católica de Valparaíso | ||
| 082 | |a 370.983 SER 2013 |2 22 | ||
| 100 | |a Serrano, Sol |9 311610 |e editora | ||
| 245 | |a Historia de la educación en Chile. (1810-2010). | ||
| 250 | |a Tercera edición. | ||
| 260 | |a Santiago, Chile: |b Taurus, |c 2013. | ||
| 300 | |a 3 Tomos. | ||
| 500 | |a c.1 Tomo II: Donación Familia Prof. Alejandro Guzmán Brito. | ||
| 505 | |a t.II: La educación nacional (1880-1930). | ||
| 583 | |c 20220221 |k Yessy Stephany Diaz Vidal | ||
| 650 | 0 | |a Historia de la educación |9 257642 |z Chile | |
| 650 | 0 | |a Educación |y Siglo XIX - XX |9 866264 | |
| 700 | |a Ponce de León Atria, Macarena |9 563997 |e editora | ||
| 700 | |a Rengifo y Becerril, Francisca |9 575398 |e editora | ||
| 700 | |a Mayorga Camus, Rodrigo |9 570756 |e autor | ||
| 700 | |a Hevia Fabres, Pilar |9 578921 |e autora | ||
| 700 | |a Concha, Alejandra |9 795045 |e autora | ||
| 700 | |a Silva, Josefina |9 575400 |e autora | ||
| 700 | |a Núñez Prieto, Iván |e autor |9 486630 | ||
| 700 | |a Gajardo Molina, Julio Ignacio |9 838970 |e autor | ||
| 700 | |a Canogar, Daniel |9 375606 |e autor | ||
| 700 | |a Correa, Antonio |e autor |9 512521 | ||
| 700 | |a Perl, Mónica |e autora |9 866265 | ||
| 700 | |a Balbontín Vicuña, Pilar |9 333491 |e autora | ||
| 700 | |a Loyola, Carolina |e autora |9 866266 | ||
| 700 | |a Lira Castro, Robinson Hernán |9 602420 |e autor | ||
| 942 | |2 ddc |c BK |n 0 | ||
| 952 | |0 0 |1 0 |2 ddc |4 0 |6 370_983000000000000_SER_2013 |7 1 |8 C_AGB |9 581336 |a BIBDER |b BIBDER |d 2022-02-21 |e Donación |h t.II |i 5646820 |o 370.983 SER 2013 |p 5646820 |r 2023-01-25 |t 1 |w 2022-02-21 |y BK_US |k AGB | ||